LEADER 01053nam a2200217 i 4500 001 000000192461 003 CaOOAMICUS 005 20100917000000.0 008 100917s1920 it u000 u mul u 013 $a171040 040 $aSeMil$bita 245 10$aMiscellanea Geronimiana :$bscritti varii, pubblicati nel 15. centenario della morte di San Girolamo /$cCon introduzione di S.E. il Card. Vincenzo Vannutelli. 260 $aRoma :$bTipografia Poliglotta Vaticana,$c1920. 300 $aVIII, 330 p. ;$c27 cm. 600 04$aGirolamo .$0(OLS)http://semarc/subject/9511 700 1 $aVannutelli, Vincenzo .$0(OLS)http://semarc/name/356 850 $aSeMil 852 $aSeMil$W1$xVenegono$y1$m2U V 25$j143036$B143036$CSeMilBibl$Z2$F154409 $81 961 $aOmaggio: Altro 996 $6245$aMiscellanea Geronimiana :$bscritti varii, pubblicati nel 15. centenario della morte di San Girolamo$9(OLS)http://semarc/title/277376 996 $6260$aRoma :$bTipografia Poliglotta Vaticana$9(OLS)http://semarc/publisher/30471 LEADER 01101nam a2200253 i 4500 001 000000243582 003 CaOOAMICUS 005 20150710000000.0 008 150710s1962 it u000 u ita u 013 $a222487 040 $aSeMil$bita 100 1 $aOrtega y Gasset, Josč,$d<1883-1955>.$0(OLS)http://semarc/name/8236 240 13$aLa rebelión de las masas.$0(OLS)http://semarc/title/345433 245 13$aLa ribellione delle masse /$cJosč Ortega y Gasset ; introduzione di Salvatore Battaglia ; traduzione di Salvatore Battaglia. 260 $aBologna :$bIl Mulino,$c1962. 490 0 $aSaggi ;$v49 650 4$aSocietą - Sec. 20.$0(OLS)http://semarc/subject/6215 700 1 $aBattaglia, Salvatore,$d<1904-1971>.$0(OLS)http://semarc/name/3461 830 0$aSaggi ;$v49.$0(OLS)http://semarc/title/341 850 $aSeMil 852 $aSeMil$W1$xVenegono$y1$m2P III 775$j193928$B193928$CSeMilBibl$Z2$F205865 $81 961 $aOmaggio: Altro 996 $6245$aLa ribellione delle masse$9(OLS)http://semarc/title/117631 996 $6260$aBologna :$bIl Mulino$9(OLS)http://semarc/publisher/29842